Youtube Quiz - Statistics

General Stats
  • This quiz has been taken 18 times
  • The average score is 3 of 5
Answer Stats
Question Answer % Correct
What is the most viewed video on Youtube? Baby Shark
80%
What is the most disliked video on Youtube? Youtube Rewind 2018
80%
What Year was Youtube created? 2005
60%
Who has the most subscribers on Youtube? T-Series
60%
How many Youtube channels are currently estimated to be on Youtube? 51 Million
53%
No matching quizzes found
Score Distribution
Percent of People with Each Score
Percentile by Number Answered
Your Score History
You have not taken this quiz